Tour de France 2023 - Riders - Statistics

General Stats
  • This quiz has been taken 478 times
  • The average score is 69 of 176
Answer Stats
Answer % Correct
Jumbo - Visma 1 DEN Jonas Vingegaard
98%
UAE Team Emirates 11 SLO Tadej Pogačar
96%
Jumbo - Visma 6 BEL Wout van Aert
96%
Jumbo - Visma 4 USA Sepp Kuss
93%
UAE Team Emirates 19 GBR Adam Yates
90%
Jayco - AlUla 161 GBR Simon Yates
90%
Alpecin - Deceuninck 101 NED Mathieu van der Poel
83%
INEOS Grenadiers 21 COL Egan Bernal
82%
Alpecin - Deceuninck 106 BEL Jasper Philipsen
79%
Jumbo - Visma 5 FRA Christophe Laporte
78%
Groupama - FDJ 31 FRA David Gaudu
76%
TotalEnergies 211 SVK Peter Sagan
75%
Groupama - FDJ 37 FRA Thibaut Pinot
75%
INEOS Grenadiers 27 ESP Carlos Rodríguez
74%
UAE Team Emirates 16 POL Rafal Majka
74%
EF Education - EasyPost 41 ECU Richard Carapaz
73%
INEOS Grenadiers 26 GBR Tom Pidcock
73%
BORA - hansgrohe 71 AUS Jai Hindley
71%
Soudal - Quick-Step 51 FRA Julian Alaphilippe
70%
Lidl - Trek 86 DEN Mads Pedersen
70%
Jumbo - Visma 2 BEL Tiesj Benoot
70%
Cofidis 121 FRA Guillaume Martin
69%
Movistar 131 ESP Enric Mas
68%
Lidl - Trek 81 ITA Giulio Ciccone
68%
AG2R - Citroën 91 AUS Ben O'Connor
67%
Intermarché - Circus - Wanty 111 ERI Biniam Girmay
67%
Astana - Qazaqstan 191 GBR Mark Cavendish
67%
INEOS Grenadiers 24 POL Michal Kwiatkowski
67%
AG2R - Citroën 95 AUT Felix Gall
66%
Bahrain Victorious 67 SLO Matej Mohorič
66%
dsm-firmenich 141 FRA Romain Bardet
66%
EF Education - EasyPost 46 USA Neilson Powless
65%
Groupama - FDJ 33 SUI Stefan Küng
65%
Israel - Premier Tech 151 CAN Michael Woods
64%
Soudal - Quick-Step 56 NED Fabio Jakobsen
63%
Lotto - Dstny 181 AUS Caleb Ewan
62%
Bahrain Victorious 65 ESP Pello Bilbao
62%
Bahrain Victorious 62 ESP Mikel Landa
61%
Soudal - Quick-Step 52 DEN Kasper Asgreen
59%
UAE Team Emirates 17 ESP Marc Soler
59%
Jumbo - Visma 3 NED Wilco Kelderman
59%
Jumbo - Visma 7 NED Dylan van Baarle
58%
Cofidis 125 FRA Victor Lafay
58%
EF Education - EasyPost 45 DEN Magnus Cort
57%
UAE Team Emirates 12 DEN Mikkel Bjerg
57%
Uno-X 201 NOR Alexander Kristoff
55%
Groupama - FDJ 35 FRA Valentin Madouas
55%
BORA - hansgrohe 72 GER Emanuel Buchmann
52%
Soudal - Quick-Step 58 DEN Michael Mørkøv
51%
BORA - hansgrohe 74 LUX Bob Jungels
50%
UAE Team Emirates 14 AUT Felix Großschartner
50%
Jumbo - Visma 8 BEL Nathan Van Hooydonck
50%
Bahrain Victorious 68 NED Wout Poels
50%
Astana - Qazaqstan 195 KAZ Alexey Lutsenko
49%
Movistar 135 USA Matteo Jorgenson
49%
EF Education - EasyPost 48 COL Rigoberto Urán
49%
Arkéa - Samsic 171 FRA Warren Barguil
49%
Intermarché - Circus - Wanty 113 POR Rui Costa
48%
Movistar 134 ESP Gorka Izagirre
47%
Cofidis 124 ESP Ion Izagirre
47%
INEOS Grenadiers 22 ESP Jonathan Castroviejo
47%
Bahrain Victorious 64 GER Phil Bauhaus
47%
BORA - hansgrohe 77 GER Nils Politt
46%
UAE Team Emirates 18 ITA Matteo Trentin
45%
Lidl - Trek 83 DEN Mattias Skjelmose
45%
EF Education - EasyPost 43 ITA Alberto Bettiol
44%
INEOS Grenadiers 25 COL Daniel Felipe Martínez
44%
Intermarché - Circus - Wanty 114 RSA Louis Meintjes
43%
Lidl - Trek 87 USA Quinn Simmons
43%
UAE Team Emirates 15 NOR Vegars Stake Laengen
43%
EF Education - EasyPost 42 CRC Andrey Amador
42%
Soudal - Quick-Step 57 BEL Yves Lampaert
42%
Israel - Premier Tech 154 CAN Hugo Houle
41%
Jayco - AlUla 164 NED Dylan Groenewegen
39%
BORA - hansgrohe 76 BEL Jordi Meeus
39%
Soudal - Quick-Step 53 FRA Rémi Cavagna
39%
Cofidis 123 GER Simon Geschke
39%
Intermarché - Circus - Wanty 118 GER Georg Zimmermann
38%
Groupama - FDJ 38 NED Lars van den Berg
38%
BORA - hansgrohe 75 AUT Patrick Konrad
38%
Cofidis 122 FRA Bryan Coquard
37%
Groupama - FDJ 32 LUX Kévin Geniets
37%
Alpecin - Deceuninck 105 DEN Søren Kragh Andersen
37%
Uno-X 204 NOR Tobias Johannessen
37%
EF Education - EasyPost 44 COL Esteban Chaves
36%
BORA - hansgrohe 78 NED Danny van Poppel
35%
Bahrain Victorious 69 GBR Fred Wright
35%
Lotto - Dstny 182 BEL Victor Campenaerts
35%
TotalEnergies 212 NOR Advald Boasson Hagen
34%
INEOS Grenadiers 23 ESP Omar Fraile
34%
Intermarché - Circus - Wanty 115 FRA Adrien Petit
33%
Astana - Qazaqstan 192 NED Cees Bol
33%
Lidl - Trek 88 BEL Jasper Stuyven
33%
Israel - Premier Tech 155 LAT Krists Neilands
33%
Movistar 137 POR Nélson Oliveira
33%
INEOS Grenadiers 28 GBR Ben Turner
32%
Lidl - Trek 85 ESP Juan Pedro López
32%
AG2R - Citroën 96 BEL Olivier Naesen
32%
Lidl - Trek 84 LUX Alex Kirsch
31%
AG2R - Citroën 93 FRA Benoît Cosnefroy
31%
Alpecin - Deceuninck 102 SUI Silvan Dillier
31%
Soudal - Quick-Step 54 BEL Tim Declercq
31%
Israel - Premier Tech 158 BEL Dylan Teuns
30%
Movistar 136 AUT Gregor Mühlberger
30%
Bahrain Victorious 66 AUS Jack Haig
30%
BORA - hansgrohe 73 AUT Marco Haller
30%
TotalEnergies 218 FRA Anthony Turgis
29%
TotalEnergies 217 ITA Daniel Oss
29%
dsm-firmenich 142 GER John Degenkolb
29%
Bahrain Victorious 63 GER Nikias Arndt
28%
TotalEnergies 216 FRA Pierre Latour
28%
AG2R - Citroën 97 FRA Aurélien Paret-Peintre
27%
Lidl - Trek 82 FRA Tony Gallopin
27%
Uno-X 202 NOR Jonas Abrahamsen
25%
Astana - Qazaqstan 197 ESP Luis Léon Sánchez
25%
Jayco - AlUla 167 SLO Luka Mezgec
25%
Groupama - FDJ 34 FRA Olivier Le Gac
25%
Soudal - Quick-Step 55 BEL Dries Devenyns
24%
Intermarché - Circus - Wanty 112 FRA Lilian Calmejane
24%
Astana - Qazaqstan 198 COL Harold Tejada
23%
EF Education - EasyPost 47 GBR James Shaw
23%
Lotto - Dstny 187 BEL Maxim Van Gils
23%
Intermarché - Circus - Wanty 117 NED Mike Teunissen
23%
Movistar 132 POR Ruben Guerreiro
23%
Cofidis 126 FRA Anthony Perez
22%
TotalEnergies 213 FRA Mathieu Burgaudeau
22%
AG2R - Citroën 98 FRA Nans Peters
22%
Groupama - FDJ 36 FRA Quentin Pacher
22%
Lotto - Dstny 183 BEL Jasper De Buyst
21%
Arkéa - Samsic 177 ITA Luca Mozzato
21%
Alpecin - Deceuninck 103 AUT Michael Gogl
21%
Cofidis 128 FRA Axel Zingle
20%
dsm-firmenich 148 AUS Sam Welsford
20%
Astana - Qazaqstan 194 KAZ Yevgeniy Fedorov
20%
Jayco - AlUla 166 DEN Cristopher Juul-Jensen
19%
Israel - Premier Tech 152 CAN Guillaume Boivin
19%
TotalEnergies 214 BEL Steff Cras
19%
AG2R - Citroën 92 FRA Clément Berthet
18%
Israel - Premier Tech 157 NZL Corbin Strong
18%
Astana - Qazaqstan 196 ITA Gianni Moscon
18%
Alpecin - Deceuninck 107 BEL Jonas Rickaert
18%
Uno-X 207 NOR Søren Wærenskjold
18%
dsm-firmenich 146 AUS Chris Hamilton
17%
Uno-X 208 DEN Jonas Gregaard
17%
Jayco - AlUla 162 USA Lawson Craddock
17%
Uno-X 205 NOR Rasmus Tiller
17%
Israel - Premier Tech 153 AUS Simon Clarke
17%
Uno-X 203 DEN Anthon Charmig
16%
Astana - Qazaqstan 193 ESP David De La Cruz
16%
Intermarché - Circus - Wanty 116 NZL Dion Smith
16%
Lotto - Dstny 188 BEL Florian Vermeersch
16%
Alpecin - Deceuninck 108 NED Ramon Sinkeldam
16%
Jayco - AlUla 165 AUS Chris Harper
15%
Arkéa - Samsic 173 FRA Clément Champoussin
15%
AG2R - Citroën 94 BEL Stan Dewulf
15%
Uno-X 206 NOR Torstein Træen
15%
dsm-firmenich 147 USA Kevin Vermaerke
14%
Alpecin - Deceuninck 104 BEL Quinten Hermans
14%
Movistar 133 ESP Alex Aranburu
13%
Arkéa - Samsic 174 FRA Anthony Delaplace
13%
Lotto - Dstny 186 ITA Jacopo Guarnieri
13%
Israel - Premier Tech 156 AUS Nicholas Schultz
13%
Lotto - Dstny 184 NED Pascal Eenkhoorn
13%
Cofidis 127 FRA Alexis Renard
12%
Arkéa - Samsic 178 FRA Laurent Pichon
12%
Jayco - AlUla 163 AUS Luke Durbridge
12%
Lotto - Dstny 185 BEL Frederik Frison
11%
Arkéa - Samsic 176 FRA Matis Louvel
11%
Arkéa - Samsic 175 FRA Simon Guglielmi
11%
Movistar 138 ESP Antonio Pedrero
10%
Arkéa - Samsic 172 BEL Jenthe Biermans
10%
dsm-firmenich 145 NED Nils Eekhoff
10%
dsm-firmenich 144 AUS Alexander Edmondson
9%
TotalEnergies 215 FRA Valentin Ferron
9%
Jayco - AlUla 168 NED Elmar Reinders
8%
dsm-firmenich 143 AUS Matt Dinham
8%
No matching quizzes found
Score Distribution
Percent of People with Each Score
Percentile by Number Answered
Your Score History
You have not taken this quiz